Statistics for NBA All Time Blocks Leaders

Click here to take the quiz!

General Stats

  • This quiz has been taken 13 times
  • The average score is 12 of 20

Answer Stats

# Of BlocksPlayer% Correct
3830Hakeem Olajuwon
92%
3020Tim Duncan
92%
2137Ben Wallace
83%
2954David Robinson
83%
2228Dwight Howard
75%
2894Patrick Ewing
75%
3189Kareem Abdul-Jabbar
67%
2037Kevin Garnett
67%
3064Mark Eaton
67%
2361Robert Parish
67%
2356Alonzo Mourning
58%
3178Artis Gilmore
50%
2086Manute Bol
50%
2331Marcus Camby
50%
2732Shaquille O'Neal
50%
2119Shawn Bradley
50%
3289Dikembe Mutumbo
42%
2082George Johnson
42%
2542Tree Rollins
33%
2297Caldwell Jones
8%

Score Distribution

Percentile by Number Answered

Percent of People with Each Score

Your Score History

You have not taken this quiz